METHOD OF TEACHING ENVIRONMENTAL SCIENCE (Record no. 4577)

MARC details
000 -LEADER
fixed length control field 00550nam a22001697a 4500
008 - FIXED-LENGTH DATA ELEMENTS--GENERAL INFORMATION
fixed length control field 260304b |||||||| |||| 00| 0 eng d
020 ## - INTERNATIONAL STANDARD BOOK NUMBER
ISBN 978818171418398
100 ## - MAIN ENTRY--AUTHOR
Author LAXMI,GANTA VENKATA
245 ## - TITLE STATEMENT
Title METHOD OF TEACHING ENVIRONMENTAL SCIENCE
260 ## - PUBLICATION, DISTRIBUTION, ETC. (IMPRINT)
Place of publication INDIA
Name of publisher DISCOVERY PUBLISHING HOUSE PVT LTD.
Date of publication 2016
300 ## - COLLATION
Pagination 331p.
Other physical details ILL
650 ## - TRACINGS
Main Subject 1. ENVIRONMENTAL SCIENCES- STUDY AND TEACHING
Subdivision (1st) 2. ENVIRONMENTAL EDUCATION
700 ## - ADDITIONAL AUTHOR
Additional Author 2. SUBBAIAH, G. L. 3. RAO, DIGUMARTI BHASKRA
942 ## - ADDED ENTRY ELEMENTS (KOHA)
Item type Books
050 ## - LIBRARY OF CONGRESS CALL NUMBER
Classification number GE70
Item number .L39
Holdings
Source of classification or shelving scheme Not for loan Permanent location Current location Date acquired Accession No. Full call number Barcode. Copy number Koha item type
Library of Congress Classification   Samuel Ogbemudia Main Library, University of Abuja Samuel Ogbemudia Main Library, University of Abuja 03/04/2026 2024/63004 GE70 .L39 2026-0063 1 Books